The new oxford book of american verse

Uloženo v:
Podrobná bibliografie
Hlavní autor: Ellman, Richard
Médium: Kniha
Jazyk:Undetermined
Vydáno: New York, Estados Unidos Oxford University Press 1976
Témata:
Tagy: Přidat tag
Žádné tagy, Buďte první, kdo vytvoří štítek k tomuto záznamu!

MARC

LEADER 00000nam a2200000Ia 4500
008 170316s9999 xx 000 0 und d
090 |a 810 E-10n 
100 |a Ellman, Richard 
245 4 |a The new oxford book of american verse 
260 |a New York, Estados Unidos 
260 |b Oxford University Press 
260 |c 1976 
300 |a 1076 páginas 
650 |a LITERATURA ESTADOUNIDENSE 
999 |c 20962  |d 20962 
040 |a cru BVZT 
942 |c 15 D  |h 810 E-10n  |2 z